Music Quiz

Random Music or Clip Quiz

These Songs are on Fire Quiz Stats

 Plays Quiz not verified by Sporcle

Also try: Bob Dylan Albums
Challenge
Share
Tweet
Score 0/16 Timer 06:00
0 Plays Today
Time Song % Correct
0:38 - 0:46Ring of Fire
89.7%
0:56 - 1:02We Didn't Start the Fire
85.2%
1:52 - 2:02Light My Fire
83.9%
1:03 - 1:12Great Balls of Fire
80.6%
0:01 - 0:08Sex on Fire
78.1%
2:03 - 2:12Fireflies
72.3%
1:44 - 1:51Set Fire to the Rain
70.3%
2:13 - 2:22Fire and Rain
65.2%
Time Song % Correct
0:09 - 0:18Girl on Fire
63.2%
1:24 - 1:32St. Elmo's Fire (Man in Motion)
57.4%
1:33 - 1:43I'm on Fire
51%
1:13 - 1:23Fire Burning
41.9%
0:28 - 0:37Through the Fire and Flames
36.1%
2:23 - 2:31Play With Fire
36.1%
0:47 - 0:55This Fire
17.4%
0:19 - 0:27Original Fire
16.8%

You're not logged in!

Compare scores with friends on all Sporcle quizzes.
Join for Free
OR
Log In

You Might Also Like...

Show Comments

Extras

Top Quizzes Today


Score Distribution

Your Account Isn't Verified!

In order to create a playlist on Sporcle, you need to verify the email address you used during registration. Go to your Sporcle Settings to finish the process.

Report this User

Report this user for behavior that violates our Community Guidelines.

Details: